000
00292nam a22001337a 4500
008
190306b xxu||||| |||| 00| 0 eng d
020
_a
0397503911
041
_a
eng
080
_a
617
100
_a
8
101
_a
ORT
245
_a
Pediatric Orthopaedics
_c
Lovell,W.W
942
_2
udc
_c
BK
999
_c
54601
_d
54601